书目信息 |
| 题名: |
最新日本语能力测试2级考点透析与突破
|
|
| 作者: | 朱丽颖 , 樊慧颖 主编 | |
| 分册: | 文字词汇 | |
| 出版信息: | 大连 大连出版社 2006 |
|
| 页数: | 248页 | |
| 开本: | 26cm | |
| 丛书名: | ||
| 单 册: | ||
| 中图分类: | H360.42 , H363.1 | |
| 科图分类: | ||
| 主题词: | 日语--水平考试--自学参考资料 , 日语--词汇--水平考试--自学参考资料 , 日语 , 词汇 | |
| 电子资源: | ||
| ISBN: | 7-80684-377-9 | |
| 000 | 01168nam0 2200313 450 | |
| 001 | 003058874 | |
| 005 | 20070807155358.46 | |
| 010 | @a7-80684-377-9@dCNY23.80 | |
| 035 | @a003058874 | |
| 100 | @a20060113d2006 em y0chiy0110 ea | |
| 101 | 0 | @achi@ajpn |
| 102 | @aCN@b210000 | |
| 105 | @ay z 000yy | |
| 106 | @ar | |
| 200 | 1 | @a最新日本语能力测试2级考点透析与突破@Azui xin ri ben yu neng li ce shi 2 ji kao dian tou xi yu tu po@i文字词汇@Iwen zi ci hui@f朱丽颖,樊慧颖主编@Fzhu li ying, fan hui ying zhu bian |
| 210 | @a大连@c大连出版社@d2006 | |
| 215 | @a248页@d26cm | |
| 300 | @a大连出版社最新日本语能力测试用书 根据能力测试出题基准“最新修订版”编写 | |
| 330 | @a本书针对日本语能力测试(JLPT)2级文字词汇部分的题型编写,由名词、动词、形容词、形容动词、副词、外来语等章节构成,对用法相似的词汇进行了言简意赅、通俗易懂的辨析。 | |
| 606 | 0 | @a日语@x水平考试@j自学参考资料 |
| 606 | 0 | @a日语@x词汇@x水平考试@j自学参考资料 |
| 606 | 0 | @a日语 |
| 606 | 0 | @a词汇 |
| 690 | @aH360.42@v4 | |
| 690 | @aH363.1@v4 | |
| 701 | 0 | @a朱丽颖@Azhu li ying@4主编 |
| 701 | 0 | @a樊慧颖@Afan hui ying@4主编 |
| 801 | 0 | @aCN@bNLC@c20070807 |
| 905 | @dH360.42@e434@f4 | |
| 最新日本语能力测试2级考点透析与突破.文字词汇/朱丽颖,樊慧颖主编.-大连:大连出版社,2006 |
| 248页;26cm |
| 大连出版社最新日本语能力测试用书 根据能力测试出题基准“最新修订版”编写 |
| ISBN 7-80684-377-9:CNY23.80 |
| 本书针对日本语能力测试(JLPT)2级文字词汇部分的题型编写,由名词、动词、形容词、形容动词、副词、外来语等章节构成,对用法相似的词汇进行了言简意赅、通俗易懂的辨析。 |
| ● |
| 相关链接 |
|
|
|
|
正题名:最新日本语能力测试2级考点透析与突破
索取号:H360.42/434
 
预约/预借
| 序号 | 登录号 | 条形码 | 馆藏地/架位号 | 状态 | 备注 |
| 1 | 0853623 | 208536235 | 第二样本阅览室/ [索取号:H360.42/434] | 在馆 | |
| 2 | 0853624 | 208536244 | 第四借阅区/ [索取号:H360.42/434] | 在馆 | |
| 3 | 0853625 | 208536253 | 第四借阅区/ [索取号:H360.42/434] | 在馆 | |
| 4 | 0853626 | 208536262 | 第四借阅区/ [索取号:H360.42/434] | 在馆 |